[Event "IIFL Wealth  4th Mumbai Junior U-13"]
[Site "Mumbai"]
[Date "2019.01.07"]
[Round "9"]
[White "Tawade Arnav"]
[Black "Krishnan Ritvik"]
[Result "1/2-1/2"]
[WhiteElo "1285"]
[BlackElo "1812"]
[Annotator "NA RC"]
[PlyCount "62"]
[EventDate "2018.12.30"]
[EventType "swiss"]
[EventCountry "IND"]
[SourceTitle "playchess.com"]
[Source "ChessBase"]
[SourceQuality "1"]
[TimeControl "40/5400+30:1800+30"]

1. d4 Nf6 2. c4 g6 3. Nc3 Bg7 4. e4 d6 5. Nf3 O-O 6. Be2 e5 7. O-O Nc6 8. d5 Ne7 9. Ne1 Nd7 10. Nd3 f5 11. Bd2 Nf6 12. f3 f4 13. c5 g5 14. cxd6 cxd6 15. Nf2 Ng6 16. Qc2 Rf7 17. Rfc1 Bf8 18. a4 h5 19. h3 Rg7 20. Nb5 Ne8 21. Ra3 a6 22. Rc3 Bxh3 23. Nxh3 axb5 24. Rc8 Rxc8 25. Qxc8 Qb6+ 26. Kf1 Nc7 27. Qb8 Na6 28. Qc8 Nc7 29. Qb8 Na6 30. Qc8 Nc7 31. Qb8 Na6 1/2-1/2

[Event "IIFL Wealth  4th Mumbai Junior U-13"]
[Site "Mumbai"]
[Date "2019.01.07"]
[Round "9"]
[White "Sai Mahati A"]
[Black "Akshit Jha"]
[Result "0-1"]
[WhiteElo "1267"]
[BlackElo "1604"]
[Annotator "NA RC"]
[PlyCount "70"]
[EventDate "2018.12.30"]
[EventType "swiss"]
[EventCountry "IND"]
[SourceTitle "playchess.com"]
[Source "ChessBase"]
[SourceQuality "1"]
[TimeControl "40/5400+30:1800+30"]

1. d4 {[%emt 0:02:32]} c6 {[%emt 0:00:00]} 2. c4 {[%emt 0:00:21]} d6 {[%emt 0:00:00]} 3. e4 {[%emt 0:00:29]} Qc7 {[%emt 0:00:00]} 4. Nc3 {[%emt 0:00:42]} Nf6 {[%emt 0:00:10]} 5. Nf3 {[%emt 0:01:13]} Bg4 {[%emt 0:00:11]} 6. Be2 {[%emt 0:04:10]} Nbd7 {[%emt 0:02:14]} 7. O-O {[%emt 0:02:08]} e5 {[%emt 0:00:07]} 8. d5 {[%emt 0:02:31]} Be7 {[%emt 0:00:22]} 9. Be3 {[%emt 0:02:16]} O-O {[%emt 0:00:34]} 10. h3 {[%emt 0:06:02]} Bh5 {[%emt 0:00:12]} 11. Nh4 {[%emt 0:10:06]} Bg6 {[%emt 0:05:52]} 12. Nxg6 {[%emt 0:01:29]} hxg6 {[%emt 0:00:11]} 13. f4 {[%emt 0:03:36]} Nh7 {[%emt 0:02:20]} 14. f5 {[%emt 0:03:41]} gxf5 {[%emt 0:01:07]} 15. Rxf5 {[%emt 0:04:50]} Ndf6 {[%emt 0:01:01]} 16. Qd2 {[%emt 0:03:40]} Qd7 {[%emt 0:09:01]} 17. Raf1 {[%emt 0:03:36]} cxd5 {[%emt 0:00:58]} 18. cxd5 {[%emt 0:01:21]} a6 {[%emt 0:00:16]} 19. a4 {[%emt 0:05:37]} Bd8 {[%emt 0:03:01]} 20. g4 {[%emt 0:10:20]} Ba5 {[%emt 0:02:20]} 21. Qc2 {[%emt 0:05:20]} Qe7 {[%emt 0:03:58]} 22. g5 {[%emt 0:04:37]} Ne8 {[%emt 0:01:34]} 23. h4 {[%emt 0:01:49]} g6 {[%emt 0:01:48]} 24. R5f2 {[%emt 0:01:59]} Ng7 {[%emt 0:00:59]} 25. Bg4 {[%emt 0:03:00]} Bd8 {[%emt 0:07:27]} 26. Qd2 {[%emt 0:01:53]} Qe8 {[%emt 0:04:00]} 27. Bh3 {[%emt 0:04:51]} Nh5 {[%emt 0:03:58]} 28. Kh2 {[%emt 0:02:58]} Ba5 {[%emt 0:00:44]} 29. Bg4 {[%emt 0:01:31]} Bxc3 {[%emt 0:07:03]} 30. Qxc3 {[%emt 0:02:07]} Qxa4 {[%emt 0:00:15]} 31. Bxh5 {[%emt 0:00:08]} gxh5 {[%emt 0:00:05]} 32. Qd3 {[%emt 0:02:39]} Rac8 {[%emt 0:13:48]} 33. Bd2 {[%emt 0:01:58]} Qc2 {[%emt 0:03:55]} 34. Qf3 {[%emt 0:00:55]} Rc4 {[%emt 0:00:03]} 35. Re2 {[%emt 0:00:30]} f5 {[%emt 0:04:04]} 0-1

[Event "IIFL Wealth  4th Mumbai Junior U-13"]
[Site "Mumbai"]
[Date "2019.01.07"]
[Round "9"]
[White "Ghadge Harsh"]
[Black "Ratnapriya K"]
[Result "0-1"]
[WhiteElo "1265"]
[BlackElo "1516"]
[Annotator "NA RC"]
[PlyCount "91"]
[EventDate "2018.12.30"]
[EventType "swiss"]
[EventCountry "IND"]
[SourceTitle "playchess.com"]
[Source "ChessBase"]
[SourceQuality "1"]
[TimeControl "40/5400+30:1800+30"]

1. d4 {[%emt 0:00:00]} Nf6 {[%emt 0:00:43]} 2. Nf3 {[%emt 0:01:05]} e6 {[%emt 0:00:22]} 3. c4 {[%emt 0:00:06]} b6 {[%emt 0:00:22]} 4. Nc3 {[%emt 0:04:09]} Bb7 {[%emt 0:00:38]} 5. e3 {[%emt 0:01:51]} Bb4 {[%emt 0:00:23]} 6. Bd2 {[%emt 0:00:45]} O-O {[%emt 0:00:24]} 7. Be2 {[%emt 0:08:27]} c5 {[%emt 0:00:42]} 8. O-O {[%emt 0:07:20]} d6 {[%emt 0:01:18]} 9. a3 {[%emt 0:08:37]} Bxc3 {[%emt 0:00:44]} 10. Bxc3 {[%emt 0:00:11]} Ne4 {[%emt 0:01:13]} 11. Rc1 {[%emt 0:03:19]} Qc7 {[%emt 0:01:42]} 12. Nd2 {[%emt 0:08:16]} f5 {[%emt 0:07:15]} 13. Nxe4 {[%emt 0:05:37]} Bxe4 {[%emt 0:00:28]} 14. d5 {[%emt 0:03:22]} exd5 {[%emt 0:02:46]} 15. f3 {[%emt 0:00:28]} d4 {[%emt 0:00:23]} 16. exd4 {[%emt 0:00:23]} Bb7 {[%emt 0:02:17]} 17. d5 {[%emt 0:00:56]} Nd7 {[%emt 0:01:13]} 18. Qd2 {[%emt 0:00:33]} Rae8 {[%emt 0:03:41]} 19. Qg5 {[%emt 0:05:04]} Ne5 {[%emt 0:02:03]} 20. f4 {[%emt 0:01:38]} Ng6 {[%emt 0:00:16]} 21. Bh5 {[%emt 0:00:17]} Qe7 {[%emt 0:02:04]} 22. Qxe7 {[%emt 0:03:01]} Rxe7 {[%emt 0:01:10]} 23. Bxg6 {[%emt 0:02:06]} hxg6 {[%emt 0:00:45]} 24. b3 {[%emt 0:04:07]} Re4 {[%emt 0:08:20]} 25. Rce1 {[%emt 0:00:48]} Rfe8 {[%emt 0:01:41]} 26. g3 {[%emt 0:07:38]} Kf7 {[%emt 0:10:42]} 27. Kf2 {[%emt 0:03:42]} b5 {[%emt 0:02:34]} 28. Rxe4 {[%emt 0:02:56]} Rxe4 {[%emt 0:00:47]} 29. cxb5 {[%emt 0:00:33]} Bxd5 {[%emt 0:03:54]} 30. Rd1 {[%emt 0:00:57]} Ke6 {[%emt 0:01:58]} 31. b4 {[%emt 0:01:52]} Bc4 {[%emt 0:01:41]} 32. bxc5 {[%emt 0:03:03]} dxc5 {[%emt 0:02:34]} 33. Bxg7 {[%emt 0:01:04]} Re2+ {[%emt 0:01:25]} 34. Kg1 {[%emt 0:00:13]} Bd5 {[%emt 0:00:31]} 35. Bf8 {[%emt 0:01:33]} c4 {[%emt 0:03:23]} 36. Bc5 {[%emt 0:00:52]} Rg2+ {[%emt 0:00:53]} 37. Kf1 {[%emt 0:00:04]} Rxh2 {[%emt 0:02:05]} 38. Bxa7 {[%emt 0:00:46]} Rb2 {[%emt 0:00:28]} 39. b6 {[%emt 0:00:44]} c3 {[%emt 0:01:24]} 40. b7 {[%emt 0:00:00]} Rxb7 {[%emt 0:00:00]} 41. Bc5 {[%emt 0:03:21]} Be4 {[%emt 0:03:14]} 42. Bb4 {[%emt 0:01:07]} c2 {[%emt 0:00:26]} 43. Rc1 {[%emt 0:00:48]} Rd7 {[%emt 0:01:01]} 44. Ke2 {[%emt 0:00:20]} Rd1 {[%emt 0:00:50]} 45. Bd2 {[%emt 0:01:22]} Kd5 {[%emt 0:00:20]} 46. a4 {[%emt 0:01:13]} 0-1

[Event "IIFL Wealth  4th Mumbai Junior U-13"]
[Site "Mumbai"]
[Date "2019.01.07"]
[Round "9"]
[White "Darsh Shetty"]
[Black "Shrey Nilkant"]
[Result "1-0"]
[WhiteElo "1260"]
[BlackElo "1466"]
[Annotator "NA RC"]
[PlyCount "91"]
[EventDate "2018.12.30"]
[EventType "swiss"]
[EventCountry "IND"]
[SourceTitle "playchess.com"]
[Source "ChessBase"]
[SourceQuality "1"]
[TimeControl "40/5400+30:1800+30"]

1. b3 {[%emt 0:10:30]} e5 {[%emt 0:02:06]} 2. Bb2 {[%emt 0:00:15]} Nc6 {[%emt 0:00:11]} 3. e3 {[%emt 0:00:21]} d5 {[%emt 0:01:02]} 4. Bb5 {[%emt 0:00:07]} Bd6 {[%emt 0:04:26]} 5. f4 {[%emt 0:00:17]} Qe7 {[%emt 0:29:47]} 6. Nf3 {[%emt 0:00:14]} Bg4 {[%emt 0:00:29]} 7. fxe5 {[%emt 0:00:16]} Bxf3 {[%emt 0:00:29]} 8. exd6 {[%emt 0:01:35]} Qh4+ {[%emt 0:03:45]} 9. g3 {[%emt 0:02:33]} Qe4 {[%emt 0:10:31]} 10. Bd3 {[%emt 0:02:42]} Qg4 {[%emt 0:04:58]} 11. Be2 {[%emt 0:00:40]} Bxe2 {[%emt 0:07:00]} 12. Qxe2 {[%emt 0:01:23]} Qxe2+ {[%emt 0:00:04]} 13. Kxe2 {[%emt 0:00:08]} f6 {[%emt 0:00:20]} 14. Nc3 {[%emt 0:04:46]} O-O-O {[%emt 0:11:02]} 15. Ba3 {[%emt 0:04:27]} cxd6 {[%emt 0:06:16]} 16. Nb5 {[%emt 0:09:24]} Nh6 {[%emt 0:01:57]} 17. Nxd6+ {[%emt 0:01:43]} Kc7 {[%emt 0:00:29]} 18. Nb5+ {[%emt 0:00:11]} Kb8 {[%emt 0:00:26]} 19. Bb2 {[%emt 0:08:58]} a6 {[%emt 0:03:09]} 20. Nd4 {[%emt 0:03:10]} Nxd4+ {[%emt 0:00:43]} 21. Bxd4 {[%emt 0:00:03]} Rhe8 {[%emt 0:00:36]} 22. Rhf1 {[%emt 0:02:20]} Ng4 {[%emt 0:00:50]} 23. h3 {[%emt 0:00:10]} Ne5 {[%emt 0:00:07]} 24. Bxe5+ {[%emt 0:00:12]} Rxe5 25. c3 {[%emt 0:02:27]} Kc7 {[%emt 0:02:15]} 26. g4 {[%emt 0:01:38]} h5 {[%emt 0:02:40]} 27. Rg1 {[%emt 0:02:08]} h4 {[%emt 0:02:19]} 28. Rg2 {[%emt 0:00:51]} Kd6 {[%emt 0:01:29]} 29. Rag1 {[%emt 0:00:11]} g6 {[%emt 0:01:07]} 30. Rf2 {[%emt 0:01:39]} Ke6 {[%emt 0:00:44]} 31. Rgf1 {[%emt 0:02:08]} Rf8 {[%emt 0:00:14]} 32. Rf4 {[%emt 0:02:45]} f5 {[%emt 0:02:57]} 33. Rb4 {[%emt 0:02:30]} Re4 {[%emt 0:01:18]} 34. Rb6+ {[%emt 0:02:26]} Kf7 {[%emt 0:00:32]} 35. Rxb7+ {[%emt 0:00:11]} Kf6 {[%emt 0:00:09]} 36. Rd7 {[%emt 0:02:40]} Ke6 {[%emt 0:00:38]} 37. Ra7 {[%emt 0:00:08]} g5 {[%emt 0:00:25]} 38. gxf5+ {[%emt 0:00:18]} Rxf5 {[%emt 0:00:07]} 39. Rxa6+ {[%emt 0:00:24]} Ke5 {[%emt 0:00:06]} 40. Rxf5+ {[%emt 0:00:00]} Kxf5 {[%emt 0:00:00]} 41. Kf3 {[%emt 0:03:31]} g4+ {[%emt 0:01:01]} 42. hxg4+ {[%emt 0:00:16]} Rxg4 {[%emt 0:00:03]} 43. Rf6+ {[%emt 0:00:30]} Kg5 {[%emt 0:00:29]} 44. Rg6+ {[%emt 0:00:07]} Kh5 {[%emt 0:00:16]} 45. Rxg4 {[%emt 0:00:08]} h3 {[%emt 0:00:04]} 46. Rg1 {[%emt 0:00:18]} 1-0

[Event "IIFL Wealth  4th Mumbai Junior U-13"]
[Site "Mumbai"]
[Date "2019.01.07"]
[Round "9"]
[White "Bulsara Yazaan"]
[Black "Vedant Mistry"]
[Result "0-1"]
[WhiteElo "1244"]
[BlackElo "1075"]
[Annotator "NA RC"]
[PlyCount "48"]
[EventDate "2018.12.30"]
[EventType "swiss"]
[EventCountry "IND"]
[SourceTitle "playchess.com"]
[Source "ChessBase"]
[SourceQuality "1"]
[TimeControl "40/5400+30:1800+30"]

1. e4 {[%emt 0:03:36]} e5 {[%emt 0:05:16]} 2. Nf3 {[%emt 0:00:21]} Nc6 {[%emt 0:00:11]} 3. Bc4 Bc5 {[%emt 0:00:06]} 4. c3 {[%emt 0:00:15]} Nf6 {[%emt 0:00:04]} 5. d3 {[%emt 0:00:28]} d6 {[%emt 0:00:06]} 6. O-O {[%emt 0:00:15]} a6 {[%emt 0:00:08]} 7. Re1 {[%emt 0:00:27]} Ba7 {[%emt 0:00:10]} 8. Bg5 {[%emt 0:00:18]} h6 {[%emt 0:00:08]} 9. Bh4 {[%emt 0:00:18]} g5 {[%emt 0:00:19]} 10. Bg3 {[%emt 0:00:09]} Na5 {[%emt 0:08:19]} 11. Bb3 {[%emt 0:02:46]} Nxb3 {[%emt 0:00:27]} 12. Qxb3 {[%emt 0:00:09]} Nh5 {[%emt 0:02:28]} 13. Qd1 {[%emt 0:03:24]} Nxg3 {[%emt 0:01:26]} 14. hxg3 {[%emt 0:00:04]} Bg4 {[%emt 0:00:18]} 15. Nbd2 {[%emt 0:00:42]} Qf6 {[%emt 0:00:29]} 16. Qa4+ {[%emt 0:00:50]} Bd7 {[%emt 0:00:55]} 17. Qc4 {[%emt 0:00:42]} O-O-O {[%emt 0:00:22]} 18. d4 {[%emt 0:00:39]} g4 {[%emt 0:02:44]} 19. dxe5 {[%emt 0:00:34]} dxe5 {[%emt 0:00:38]} 20. Nxe5 {[%emt 0:08:13]} Bxf2+ {[%emt 0:03:22]} 21. Kh2 {[%emt 0:04:25]} Qxe5 {[%emt 0:00:18]} 22. Nf3 {[%emt 0:07:17]} gxf3 {[%emt 0:00:18]} 23. gxf3 {[%emt 0:07:09]} Qxg3+ {[%emt 0:00:26]} 24. Kh1 {[%emt 0:01:11]} Qh3# {[%emt 0:00:01]} 0-1

[Event "IIFL Wealth  4th Mumbai Junior U-13"]
[Site "Mumbai"]
[Date "2019.01.07"]
[Round "9"]
[White "Gosrani, Naiya"]
[Black "Yash Satish Parab"]
[Result "0-1"]
[WhiteElo "1235"]
[BlackElo "1058"]
[Annotator "NA RC"]
[PlyCount "151"]
[EventDate "2018.12.30"]
[EventType "swiss"]
[EventCountry "IND"]
[SourceTitle "playchess.com"]
[Source "ChessBase"]
[SourceQuality "1"]
[TimeControl "40/5400+30:1800+30"]

1. e4 {[%emt 0:00:00]} e5 {[%emt 0:00:00]} 2. Nf3 {[%emt 0:00:00]} Nc6 {[%emt 0:00:00]} 3. Bc4 {[%emt 0:00:00]} Bc5 {[%emt 0:00:00]} 4. c3 Nf6 {[%emt 0:00:03]} 5. d3 {[%emt 0:00:07]} d6 {[%emt 0:00:16]} 6. h3 {[%emt 0:00:36]} h6 {[%emt 0:00:12]} 7. Be3 {[%emt 0:00:59]} Bb6 {[%emt 0:00:42]} 8. Nbd2 {[%emt 0:01:31]} Be6 {[%emt 0:03:16]} 9. Bb3 {[%emt 0:04:22]} O-O {[%emt 0:04:33]} 10. Nf1 {[%emt 0:02:36]} Re8 {[%emt 0:11:19]} 11. Ng3 {[%emt 0:01:03]} d5 {[%emt 0:03:49]} 12. Qe2 {[%emt 0:02:39]} d4 {[%emt 0:02:34]} 13. Bd2 {[%emt 0:01:46]} Qe7 {[%emt 0:09:15]} 14. Nh4 {[%emt 0:08:22]} Qd7 {[%emt 0:07:33]} 15. Ngf5 {[%emt 0:03:47]} Ne7 {[%emt 0:01:35]} 16. Qf3 {[%emt 0:03:44]} Nxf5 {[%emt 0:01:17]} 17. Nxf5 {[%emt 0:00:05]} Bxf5 {[%emt 0:00:32]} 18. Qxf5 {[%emt 0:03:44]} Qxf5 {[%emt 0:01:57]} 19. exf5 {[%emt 0:00:06]} e4 {[%emt 0:01:02]} 20. O-O-O {[%emt 0:02:59]} exd3 {[%emt 0:01:31]} 21. Be1 {[%emt 0:04:03]} dxc3 {[%emt 0:01:56]} 22. bxc3 {[%emt 0:00:58]} Rad8 {[%emt 0:02:10]} 23. Bc4 {[%emt 0:01:45]} Ne4 {[%emt 0:05:44]} 24. Bxd3 {[%emt 0:03:56]} Nxf2 {[%emt 0:02:57]} 25. Bxf2 {[%emt 0:00:26]} Bxf2 {[%emt 0:00:07]} 26. Bc4 {[%emt 0:01:19]} Bc5 {[%emt 0:05:50]} 27. Kc2 {[%emt 0:05:28]} Kf8 {[%emt 0:02:59]} 28. Rxd8 {[%emt 0:03:27]} Rxd8 {[%emt 0:00:21]} 29. Re1 {[%emt 0:00:40]} Re8 {[%emt 0:01:03]} 30. Rd1 {[%emt 0:00:48]} Bd6 {[%emt 0:01:15]} 31. g4 {[%emt 0:02:13]} Re3 {[%emt 0:01:31]} 32. Rd3 {[%emt 0:00:19]} Rxd3 {[%emt 0:01:46]} 33. Kxd3 {[%emt 0:00:02]} Ke7 {[%emt 0:01:04]} 34. Ke4 {[%emt 0:02:01]} Kf6 {[%emt 0:00:41]} 35. Bb3 {[%emt 0:02:34]} Be5 {[%emt 0:02:07]} 36. c4 {[%emt 0:00:25]} Bd6 {[%emt 0:00:24]} 37. a4 {[%emt 0:01:57]} Kg5 {[%emt 0:04:25]} 38. Kf3 {[%emt 0:00:21]} h5 {[%emt 0:01:34]} 39. Bc2 {[%emt 0:02:51]} Kh4 {[%emt 0:03:12]} 40. gxh5 {[%emt 0:00:00]} Kxh3 {[%emt 0:00:00]} 41. f6 {[%emt 0:04:40]} gxf6 {[%emt 0:03:10]} 42. h6 {[%emt 0:03:11]} Bf8 {[%emt 0:00:37]} 43. Kf4 {[%emt 0:00:29]} Bxh6+ {[%emt 0:00:30]} 44. Kf5 {[%emt 0:00:14]} Bg5 {[%emt 0:00:37]} 45. c5 {[%emt 0:01:18]} Kg3 {[%emt 0:00:45]} 46. Bb3 {[%emt 0:00:11]} Kf2 {[%emt 0:00:30]} 47. Bxf7 {[%emt 0:00:13]} Be3 {[%emt 0:01:18]} 48. Kxf6 {[%emt 0:00:36]} Bxc5 {[%emt 0:00:14]} 49. Ke6 {[%emt 0:00:02]} Bd6 {[%emt 0:00:37]} 50. Kd7 {[%emt 0:01:21]} Ke3 51. Kc8 {[%emt 0:00:01]} b6 {[%emt 0:00:18]} 52. Kb7 {[%emt 0:00:01]} a5 {[%emt 0:00:06]} 53. Kc6 {[%emt 0:00:19]} Kd4 {[%emt 0:00:27]} 54. Be8 {[%emt 0:00:47]} Kc4 {[%emt 0:00:54]} 55. Kb7 {[%emt 0:00:10]} Kc5 {[%emt 0:00:49]} 56. Bb5 {[%emt 0:00:30]} Be5 {[%emt 0:01:10]} 57. Bc6 {[%emt 0:00:15]} Kd6 {[%emt 0:00:25]} 58. Bb5 {[%emt 0:00:46]} Bf6 {[%emt 0:00:16]} 59. Bc6 {[%emt 0:00:15]} Bd8 {[%emt 0:00:11]} 60. Bb5 {[%emt 0:00:36]} c5 {[%emt 0:00:16]} 61. Bc4 {[%emt 0:00:13]} Ke5 {[%emt 0:00:23]} 62. Kc6 {[%emt 0:00:14]} Kd4 {[%emt 0:00:16]} 63. Kb5 {[%emt 0:00:02]} Bc7 {[%emt 0:02:05]} 64. Bf1 {[%emt 0:01:14]} Bd8 {[%emt 0:01:11]} 65. Bc4 {[%emt 0:00:01]} Bh4 {[%emt 0:00:10]} 66. Bf1 {[%emt 0:00:29]} Bd8 {[%emt 0:00:28]} 67. Bc4 {[%emt 0:00:01]} Kc3 {[%emt 0:00:16]} 68. Bf1 {[%emt 0:00:19]} Kb3 {[%emt 0:00:25]} 69. Bc4+ {[%emt 0:00:08]} Ka3 {[%emt 0:00:06]} 70. Bf1 {[%emt 0:00:06]} Be7 {[%emt 0:00:43]} 71. Bc4 {[%emt 0:00:09]} Bf6 {[%emt 0:00:26]} 72. Bf1 {[%emt 0:01:41]} Bd4 {[%emt 0:00:50]} 73. Bc4 {[%emt 0:00:16]} Be5 {[%emt 0:00:46]} 74. Bf1 {[%emt 0:00:04]} Bc7 {[%emt 0:00:14]} 75. Bc4 {[%emt 0:00:01]} Bd8 {[%emt 0:00:38]} 76. Bf1 {[%emt 0:00:24] Kxa4+} 0-1

[Event "IIFL Wealth  4th Mumbai Junior U-13"]
[Site "Mumbai"]
[Date "2019.01.07"]
[Round "9"]
[White "Prakhar Chaturvedi"]
[Black "Varshita Jain"]
[Result "0-1"]
[WhiteElo "1235"]
[BlackElo "1461"]
[Annotator "NA RC"]
[PlyCount "130"]
[EventDate "2018.12.30"]
[EventType "swiss"]
[EventCountry "IND"]
[SourceTitle "playchess.com"]
[Source "ChessBase"]
[SourceQuality "1"]
[TimeControl "40/5400+30:1800+30"]

1. e4 {[%emt 0:00:05]} e5 {[%emt 0:00:00]} 2. Nf3 {[%emt 0:01:28]} Nf6 {[%emt 0:00:00]} 3. Nxe5 {[%emt 0:00:32]} d6 {[%emt 0:00:00]} 4. Nf3 {[%emt 0:00:20]} Nxe4 {[%emt 0:00:00]} 5. Nc3 {[%emt 0:00:10]} Nxc3 {[%emt 0:00:00]} 6. dxc3 {[%emt 0:00:08]} Be7 {[%emt 0:00:00]} 7. Be3 {[%emt 0:00:07]} O-O {[%emt 0:00:31]} 8. Qd2 {[%emt 0:01:39]} d5 {[%emt 0:00:15]} 9. O-O-O {[%emt 0:00:11]} c6 {[%emt 0:00:05]} 10. c4 {[%emt 0:00:29]} dxc4 {[%emt 0:13:34]} 11. Qxd8 {[%emt 0:01:42]} Rxd8 {[%emt 0:00:33]} 12. Bxc4 {[%emt 0:00:12]} Rxd1+ {[%emt 0:10:17]} 13. Rxd1 {[%emt 0:01:08]} Nd7 {[%emt 0:03:10]} 14. Re1 {[%emt 0:04:05]} Bf8 {[%emt 0:10:40]} 15. Bd4 {[%emt 0:00:54]} b5 {[%emt 0:03:41]} 16. Bd3 {[%emt 0:02:58]} c5 {[%emt 0:07:35]} 17. Be3 {[%emt 0:01:07]} a6 {[%emt 0:05:22]} 18. Be4 {[%emt 0:05:09]} Rb8 {[%emt 0:06:50]} 19. Bf4 {[%emt 0:01:08]} Rb6 {[%emt 0:02:54]} 20. Bc7 {[%emt 0:00:20]} Rf6 {[%emt 0:14:34]} 21. g4 {[%emt 0:07:01]} Bd6 {[%emt 0:06:16]} 22. Bd8 {[%emt 0:00:59]} Re6 {[%emt 0:08:57]} 23. h4 {[%emt 0:03:21]} Bf4+ {[%emt 0:02:25]} 24. Kb1 {[%emt 0:02:06]} c4 {[%emt 0:00:40]} 25. c3 {[%emt 0:01:14]} Nc5 {[%emt 0:00:53]} 26. Bd5 {[%emt 0:15:51]} Rxe1+ {[%emt 0:01:05]} 27. Nxe1 {[%emt 0:00:49]} Bxg4 {[%emt 0:00:27]} 28. f3 {[%emt 0:00:32]} Be6 {[%emt 0:01:14]} 29. Bc6 {[%emt 0:00:29]} Bf5+ {[%emt 0:01:25]} 30. Ka1 {[%emt 0:00:24]} Nd3 {[%emt 0:00:25]} 31. Ng2 {[%emt 0:00:53]} Bc1 {[%emt 0:00:09]} 32. b3 {[%emt 0:01:20]} Bb2+ {[%emt 0:00:31]} 33. Kb1 {[%emt 0:02:16]} Bxc3 {[%emt 0:00:14]} 34. Be4 {[%emt 0:00:22]} Bxe4 {[%emt 0:00:19]} 35. fxe4 {[%emt 0:00:05]} cxb3 {[%emt 0:00:37]} 36. axb3 {[%emt 0:00:08]} Nc5 {[%emt 0:00:18]} 37. Kc2 {[%emt 0:00:29]} b4 {[%emt 0:00:21]} 38. e5 {[%emt 0:00:45]} Bxe5 {[%emt 0:00:16]} 39. Be7 {[%emt 0:00:14]} Bd4 {[%emt 0:01:15]} 40. Nf4 {[%emt 0:00:00]} a5 {[%emt 0:00:00]} 41. Nd5 {[%emt 0:02:03]} f5 {[%emt 0:03:33]} 42. Bd8 {[%emt 0:00:18]} Nb7 {[%emt 0:00:24]} 43. Bc7 Bc5 {[%emt 0:02:48]} 44. Kd3 {[%emt 0:04:06]} Bd6 {[%emt 0:01:26]} 45. Bb6 {[%emt 0:00:20]} Kf7 {[%emt 0:01:18]} 46. Bd4 {[%emt 0:02:15]} Ke6 {[%emt 0:04:01]} 47. Kc4 {[%emt 0:03:10]} Be5 {[%emt 0:01:53]} 48. Bb6 {[%emt 0:00:09]} Bg3 {[%emt 0:03:53]} 49. h5 {[%emt 0:00:21]} Nd6+ {[%emt 0:00:07]} 50. Kc5 {[%emt 0:00:15]} Bf2+ {[%emt 0:00:35]} 51. Kc6 {[%emt 0:00:20]} Bxb6 {[%emt 0:00:12]} 52. Nxb6 {[%emt 0:00:05]} f4 {[%emt 0:00:39]} 53. Nd5 {[%emt 0:00:11]} f3 {[%emt 0:00:59]} 54. Nf4+ {[%emt 0:00:09]} Kf5 55. Nd5 {[%emt 0:00:45]} Ke4 {[%emt 0:05:13]} 56. Kxd6 {[%emt 0:01:58]} f2 {[%emt 0:00:05]} 57. Kc5 {[%emt 0:00:28]} f1=Q {[%emt 0:00:22]} 58. Nb6 {[%emt 0:00:12]} Qf5+ {[%emt 0:01:11]} 59. Kc4 {[%emt 0:00:40]} Qe6+ {[%emt 0:00:41]} 60. Kb5 {[%emt 0:00:06]} Qxb3 {[%emt 0:00:38]} 61. Nd7 {[%emt 0:01:14]} Qd5+ 62. Nc5+ {[%emt 0:00:09]} Kd4 {[%emt 0:00:42]} 63. Ka4 {[%emt 0:00:07]} Qxc5 {[%emt 0:00:30]} 64. Kb3 {[%emt 0:00:12]} Qc3+ {[%emt 0:00:11]} 65. Ka4 {[%emt 0:00:07]} Kc5 {[%emt 0:00:20]} 0-1

[Event "IIFL Wealth  4th Mumbai Junior U-13"]
[Site "Mumbai"]
[Date "2019.01.07"]
[Round "9"]
[White "Keerthana B"]
[Black "Jain Adi"]
[Result "0-1"]
[WhiteElo "1232"]
[BlackElo "1545"]
[Annotator "NA RC"]
[PlyCount "132"]
[EventDate "2018.12.30"]
[EventType "swiss"]
[EventCountry "IND"]
[SourceTitle "playchess.com"]
[Source "ChessBase"]
[SourceQuality "1"]
[TimeControl "40/5400+30:1800+30"]

1. e4 e5 2. Nf3 Nc6 3. Bc4 Nf6 4. d3 Be7 5. c3 O-O 6. Nbd2 d6 7. O-O Na5 8. Bb5 a6 9. Ba4 b5 10. Bc2 c5 11. Re1 Re8 12. Nf1 Bf8 13. Bg5 h6 14. Bxf6 Qxf6 15. Ne3 Be6 16. Qd2 Nc6 17. a3 Rad8 18. c4 Qf4 19. Qd1 Qf6 20. Nd5 Bxd5 21. cxd5 Nd4 22. Nxd4 cxd4 23. Qd2 Rc8 24. a4 Rc5 25. axb5 axb5 26. Ra7 Rec8 27. Bb3 Qd8 28. Rea1 Be7 29. f4 Bf6 30. Rb7 Ra8 31. Rf1 Rb8 32. Rxb8 Qxb8 33. fxe5 dxe5 34. Qf2 Qc7 35. h4 Rc1 36. g3 Rxf1+ 37. Qxf1 Qd7 38. Qf5 Qxf5 39. exf5 Kf8 40. Kf2 Be7 41. h5 Bd6 42. g4 Ke7 43. Kf3 Kf6 44. Ke4 Kg5 45. Bd1 Kf6 46. Bf3 Ke7 47. Bd1 Kf6 48. Bf3 Ke7 49. Bd1 f6 50. Bf3 Bb4 51. b3 Kd6 52. Bd1 Kc5 53. Bf3 Ba5 54. Bd1 Kb4 55. d6 Kc3 56. d7 b4 57. Kf3 Kd2 58. Be2 Kc2 59. Ke4 Kxb3 60. Kd5 Kc2 61. Ke6 b3 62. Kf7 b2 63. Kxg7 b1=Q 64. Kxh6 Qc1+ 65. Kh7 Bd8 66. h6 Qg5 0-1